ˆ[‰Собрание сочинений]. [Т. 4]: Понедельник начинается в субботу | Сказка о Тройке (Запись № 7916762)

Подробности
000 -МАРКЕР
контрольное поле 01749nam2a22003131 4500
001 - ИДЕНТИФИКАТОР ЗАПИСИ
контрольное поле rc\112610
005 - ИДЕНТИФИКАТОР ВЕРСИИ
контрольное поле 20140313161813.0
010 ## - МЕЖДУНАРОДНЫЙ СТАНДАРТНЫЙ НОМЕР КНИГИ (ISBN)
Номер (ISBN) 5-7516-0029-0
Тираж 10000
035 ## - ДРУГИЕ СИСТЕМНЫЕ НОМЕРА
Идентификатор записи (NLR Aleph) 008769769
100 ## - ДАННЫЕ ОБЩЕЙ ОБРАБОТКИ
Данные общей обработки 20021216d1995 u |0rusy50 ca
101 0# - ЯЗЫК РЕСУРСА
Язык текста, звукозаписи и т.д. русский
102 ## - СТРАНА ПУБЛИКАЦИИ ИЛИ ПРОИЗВОДСТВА
Страна публикации Российская Федерация
105 ## - ПОЛЕ КОДИРОВАННЫХ ДАННЫХ: ТЕКСТОВЫЕ МАТЕРИАЛЫ, МОНОГРАФИЧЕСКИЕ
Кодированные данные о монографическом текстовом документе a |||||||||
200 1# - ЗАГЛАВИЕ И СВЕДЕНИЯ ОБ ОТВЕТСТВЕННОСТИ
Основное заглавие Понедельник начинается в субботу
-- Сказка о Тройке
Сведения, относящиеся к заглавию Повести
210 ## - ПУБЛИКАЦИЯ, РАСПРОСТРАНЕНИЕ И ДР.
Дата издания, распространения и т.д. 1995
215 ## - ФИЗИЧЕСКАЯ ХАРАКТЕРИСТИКА
Специфическое обозначение материала и объем 316, [3] с.
Другие сведения о физической характеристике ил.
Размеры 22
320 ## - ПРИМЕЧАНИЯ О НАЛИЧИИ В ДОКУМЕНТЕ БИБЛИОГРАФИИ / УКАЗАТЕЛЯ
Текст примечания Публ. повестей, помещ. в томе / Сост. А.Л. Керзин: с. 318
461 #0 - УРОВЕНЬ НАБОРА
Встроенное поле 001rc\112605
-- 2001#$aˆ[‰Собрание сочинений]$fАркадий Стругацкий, Борис Стругацкий$g[Вступ. ст. А. Зеркалова$gХудож. В.С. Любаров]$v[Т. 4]
-- 700#1$3RU\NLR\AUTH\77619$8rus$7ca$aСтругацкий$bА.Н.$f1925-1991$gАркадий Натанович
Системный номер (АБИС) связанной записи 7906088
Автор Стругацкий, А. Н. (1925-1991)
Место публикации М.
Дата публикации 1995-
Издание [Испр. изд.]
Первые сведения об ответственности Аркадий Стругацкий, Борис Стругацкий
Имя издателя, распространителя и т.д. Текст
Заглавие ˆ[‰Собрание сочинений]
ISBN 5-7516-0025-8
Номер тома [Т. 4]
500 11 - УНИФИЦИРОВАННОЕ ЗАГЛАВИЕ
Связь между полями z01702
Унифицированное заглавие Понедельник начинается в субботу
Источник данных nlr_sh2
702 #1 - ИМЯ ЛИЦА - ВТОРИЧНАЯ ОТВЕТСТВЕННОСТЬ
Код отношения Прочие
Связь между полями z01
Графика поля Кириллица
Материалы, к которым относится поле rus
Начальный элемент ввода Стругацкий
Часть имени, кроме начального элемента ввода А. Н.
Даты 1925-1991
Расширение инициалов личного имени Аркадий Натанович
Системный номер авторитетной/нормативной записи 110663
Идентификатор авторитетной/нормативной записи RU\NLR\AUTH\77619
702 #1 - ИМЯ ЛИЦА - ВТОРИЧНАЯ ОТВЕТСТВЕННОСТЬ
Код отношения Прочие
Графика поля Кириллица
Материалы, к которым относится поле rus
Начальный элемент ввода Стругацкий
Часть имени, кроме начального элемента ввода Б. Н.
Даты 1933-2012
Расширение инициалов личного имени Борис Натанович
Системный номер авторитетной/нормативной записи 110665
Идентификатор авторитетной/нормативной записи RU\NLR\AUTH\77621
801 #0 - ИСТОЧНИК ЗАПИСИ
Страна Российская Федерация
Организация NLR
Правила каталогизации psbo
801 #1 - ИСТОЧНИК ЗАПИСИ
Страна Российская Федерация
Организация ELAR
Источник данных rusmarc
801 #2 - ИСТОЧНИК ЗАПИСИ
Страна Российская Федерация
Организация NLR
Дата составления 20091216
Источник данных rusmarc
852 ## - МЕСТОНАХОЖДЕНИЕ И ШИФР ХРАНЕНИЯ
Идентификатор организации NLR
Шифр хранения (Call Number) 95-3/6967
942 ## - ДОПОЛНИТЕЛЬНЫЕ ЭЛЕМЕНТЫ ЗАПИСИ (АБИС)
Тип экземпляра АБИС Книга
980 ## - КОЛЛЕКЦИЯ
Название коллекции Национальная библиография
Экземпляры
Тип экземпляра Дата поступления Библиотека постоянного хранения Библиотека текущего хранения Место хранения Шифр хранения Штрих-код Статус экземпляра
Книга 26.10.2013 РНБ (Московский) РНБ (Московский) Русский книжный фонд: издания с 1957 года 95-3/6967 8769769-10